Vista normal
Vista MARC
Entrada Topical Term
Número de registros utilizados en: 1
001 - CONTROL NUMBER
- control field: 32498
003 - CONTROL NUMBER IDENTIFIER
- control field: OSt
005 - DATE AND TIME OF LATEST TRANSACTION
- control field: 20231102145959.0
008 - FIXED-LENGTH DATA ELEMENTS
- fixed length control field: 160604|| aca||aabn | a|a d
040 ## - CATALOGING SOURCE
- Original cataloging agency: OSt
- Transcribing agency: OSt
150 ## - HEADING--TOPICAL TERM
- Topical term or geographic name entry element:
- General subdivision: VIAJES POR MAR
- Geographic subdivision: MÉXICO
670 ## - SOURCE DATA FOUND
- Source citation: Work cat.: (OSt)54761: Morfin Herrera, María del Carmen. autor 38979, La transportación marítima mexicana en el turismo , ,1995